[Event "Saarland-ch C 85th"]
[Site "Homburg"]
[Date "2010.04.02"]
[Round "8"]
[White "Alt, Elisabeth"]
[Black "Kordt, Franz"]
[Result "0-1"]
[WhiteElo "1311"]
[BlackElo "1345"]
[PlyCount "120"]
[EventDate "2010.03.28"]
[EventType "swiss"]
[EventRounds "9"]
[EventCountry "GER"]
[SourceTitle "EXT 2011"]
[Source "ChessBase"]
[SourceDate "2010.11.26"]
[SourceVersion "1"]
[SourceVersionDate "2010.11.26"]
[SourceQuality "1"]

1. e4 e5 2. Nf3 d6 3. d4 exd4 4. Nxd4 Nf6 5. Nc3 a6 6. Bc4 b5 7. Bd3 Be7 8. 0-0 0-0 9. Be3 Bb7 10. Nf5 g6 11. Nxe7+ Qxe7 12. Qf3 Nbd7 13. Rfe1 Ne5 14. Qe2 c5 15. b3 Rac8 16. Qd1 b4 17. Nd5 Nxd5 18. exd5 Nxd3 19. Qxd3 Rfe8 20. c3 bxc3 21. Qxc3 Qe5 22. Qxe5 Rxe5 23. Bf4 Rxd5 24. Rad1 Rxd1 25. Rxd1 d5 26. f3 c4 27. bxc4 Rxc4 28. Bh6 f5 29. Rb1 Rc7 30. Rc1 Rd7 31. Bf4 Kf7 32. Rc7 Ke7 33. Rxd7+ Kxd7 34. Kf2 Kc6 35. Ke2 Kc5 36. Kd3 Bc6 37. Be3+ Kb4 38. Bc1 Bb5+ 39. Kd4 Bc4 40. a3+ Kb3 41. g4 fxg4 42. fxg4 Kc2 43. Bg5 Kd1 44. h4 Ke2 45. h5 Kf3 46. hxg6 hxg6 47. Be7 Kxg4 48. Ke3 Kf5 49. Kd4 g5 50. Bd6 Kg4 51. Be5 Kf3 52. a4 g4 53. a5 g3 54. Bxg3 Kxg3 55. Ke3 Kg4 56. Kd4 Kf5 57. Kc3 Ke4 58. Kd2 Kd4 59. Kc2 Kc5 60. Kc3 Kb5 0-1

[Event "Saarland-ch C 85th"]
[Site "Homburg"]
[Date "2010.04.01"]
[Round "7"]
[White "Kordt, Franz"]
[Black "Weinmann, Helene"]
[Result "1/2-1/2"]
[WhiteElo "1345"]
[BlackElo "1409"]
[PlyCount "109"]
[EventDate "2010.03.28"]
[EventType "swiss"]
[EventRounds "9"]
[EventCountry "GER"]
[SourceTitle "EXT 2011"]
[Source "ChessBase"]
[SourceDate "2010.11.26"]
[SourceVersion "1"]
[SourceVersionDate "2010.11.26"]
[SourceQuality "1"]

1. e4 e5 2. c4 Nf6 3. Nc3 Nc6 4. Nf3 Bc5 5. d3 d6 6. a3 a6 7. Nd5 Nxd5 8. exd5 Nd4 9. h3 0-0 10. b4 Nxf3+ 11. Qxf3 Bd4 12. Ra2 f5 13. Be3 Bc3+ 14. Bd2 e4 15. Qe2 Bxd2+ 16. Qxd2 Re8 17. dxe4 Rxe4+ 18. Be2 Qf6 19. 0-0 Bd7 20. Bd3 Re5 21. Raa1 Rae8 22. Rfe1 f4 23. f3 Qg5 24. Rxe5 Qxe5 25. Rc1 g6 26. Be4 Qg5 27. Kf1 Bf5 28. Re1 Bxe4 29. Rxe4 Rxe4 30. fxe4 Qe5 31. Qd3 g5 32. Kf2 h5 33. Kf3 Kg7 34. c5 Kh6 35. cxd6 Qxd6 36. Qc3 Kg6 37. Qd4 Qf6 38. e5 Qf5 39. d6 g4+ 40. Kf2 Qc2+ 41. Ke1 Qc1+ 42. Qd1 Qc3+ 43. Kf1 Qc4+ 44. Kg1 cxd6 45. Qxd6+ Kf5 46. Qf6+ Ke4 47. hxg4 hxg4 48. Qg6+ Kxe5 49. Qxg4 Qc1+ 50. Kh2 Qxa3 51. Qg7+ Ke4 52. Qxb7+ Kf5 53. Qd5+ Kg4 54. Qe6+ Kg5 55. Qe7+ 1/2-1/2

[Event "Saarland-ch C"]
[Site "Saarlouis Steinrausch"]
[Date "2005.03.26"]
[Round "9"]
[White "Kordt, Franz"]
[Black "Decker, Andre"]
[Result "1/2-1/2"]
[WhiteElo "1388"]
[BlackElo "1292"]
[PlyCount "32"]
[EventDate "2005.03.18"]
[EventType "swiss"]
[EventRounds "9"]
[EventCountry "GER"]
[SourceTitle "EXT 2012"]
[Source "ChessBase"]
[SourceDate "2011.11.24"]
[SourceVersion "1"]
[SourceVersionDate "2011.11.24"]
[SourceQuality "1"]

1. e4 e5 2. Nf3 Nc6 3. c4 Nf6 4. d3 Bc5 5. Be2 d6 6. g3 Be6 7. Nc3 h6 8. a3 a5 9. Bd2 0-0 10. Nd5 Nd4 11. Rc1 Nxe2 12. Qxe2 c6 13. b4 axb4 14. axb4 Ba7 15. Nc3 Bb8 16. 0-0 d5 1/2-1/2

[Event "Saarland-ch C"]
[Site "Saarlouis Steinrausch"]
[Date "2005.03.25"]
[Round "8"]
[White "Bauer, Tobias"]
[Black "Kordt, Franz"]
[Result "0-1"]
[WhiteElo "1200"]
[BlackElo "1388"]
[PlyCount "72"]
[EventDate "2005.03.18"]
[EventType "swiss"]
[EventRounds "9"]
[EventCountry "GER"]
[SourceTitle "EXT 2012"]
[Source "ChessBase"]
[SourceDate "2011.11.24"]
[SourceVersion "1"]
[SourceVersionDate "2011.11.24"]
[SourceQuality "1"]

1. e4 e5 2. Nf3 d6 3. Be2 Nf6 4. Nc3 Be7 5. d4 exd4 6. Qxd4 Nc6 7. Qa4 Bd7 8. Bb5 a6 9. Bxc6 Bxc6 10. Qb3 Nxe4 11. Nxe4 Bxe4 12. 0-0 0-0 13. Re1 Bc6 14. Nd4 Rb8 15. Qc4 Bd7 16. b3 Bf6 17. Bb2 c5 18. Rab1 Bxd4 19. Bxd4 cxd4 20. Qxd4 Bf5 21. Rbc1 Rc8 22. c3 d5 23. h3 Be6 24. Red1 b5 25. Qe5 Qc7 26. Qd4 Qc5 27. Qd2 h6 28. Re1 Rc6 29. Re3 Rfc8 30. Rg3 Kf8 31. Qd3 d4 32. Qh7 Qe5 33. f4 Qf6 34. Qe4 Rxc3 35. Rgxc3 dxc3 36. Qb4+ Kg8 0-1

[Event "Saarland-ch C"]
[Site "Saarlouis Steinrausch"]
[Date "2005.03.24"]
[Round "7"]
[White "Stolz, Susanne"]
[Black "Kordt, Franz"]
[Result "1-0"]
[WhiteElo "1322"]
[BlackElo "1388"]
[PlyCount "33"]
[EventDate "2005.03.18"]
[EventType "swiss"]
[EventRounds "9"]
[EventCountry "GER"]
[SourceTitle "EXT 2012"]
[Source "ChessBase"]
[SourceDate "2011.11.24"]
[SourceVersion "1"]
[SourceVersionDate "2011.11.24"]
[SourceQuality "1"]

1. e4 e5 2. Nf3 c5 3. c3 d6 4. d4 exd4 5. cxd4 Be7 6. Bc4 Nf6 7. Nc3 h6 8. dxc5 dxc5 9. Qxd8+ Bxd8 10. Be3 Nbd7 11. e5 Ng8 12. 0-0 b6 13. Bd5 Rb8 14. Bf4 Bc7 15. Nb5 Bxe5 16. Nxe5 Bb7 17. Nd6+ 1-0

[Event "Saarland-ch C"]
[Site "Saarlouis Steinrausch"]
[Date "2005.03.20"]
[Round "3"]
[White "Nischik, Natascha"]
[Black "Kordt, Franz"]
[Result "1/2-1/2"]
[WhiteElo "1297"]
[BlackElo "1388"]
[PlyCount "90"]
[EventDate "2005.03.18"]
[EventType "swiss"]
[EventRounds "9"]
[EventCountry "GER"]
[SourceTitle "EXT 2012"]
[Source "ChessBase"]
[SourceDate "2011.11.24"]
[SourceVersion "1"]
[SourceVersionDate "2011.11.24"]
[SourceQuality "1"]

1. c4 e5 2. Nc3 c5 3. g3 Nf6 4. Bg2 Be7 5. d3 0-0 6. Bd2 d6 7. Nf3 Nc6 8. 0-0 a6 9. Qc2 Rb8 10. a3 Bg4 11. Rab1 Nd4 12. Qd1 b5 13. cxb5 axb5 14. Nxd4 exd4 15. Nd5 Nxd5 16. Bxd5 Bg5 17. Re1 Be6 18. Bxe6 fxe6 19. Qc1 Bxd2 20. Qxd2 Qf6 21. Rf1 c4 22. f4 d5 23. Rfd1 Rb6 24. dxc4 bxc4 25. Qxd4 Qxd4+ 26. Rxd4 Rfb8 27. Rd2 c3 28. Rc2 Rxb2 29. Rcxb2 Rxb2 30. Rc1 d4 31. Kf2 Ra2 32. Kf3 Rxa3 33. Ke4 Ra4 34. e3 dxe3+ 35. Kxe3 Ra3 36. Rc2 Kf7 37. Kd3 Kf6 38. Rxc3 Rxc3+ 39. Kxc3 Kf5 40. Kd4 g5 41. fxg5 Kxg5 42. Ke5 Kg4 43. Kxe6 h5 44. Kf6 Kh3 45. Kg5 Kxh2 1/2-1/2

[Event "Saarland-ch C"]
[Site "Saarlouis Steinrausch"]
[Date "2005.03.19"]
[Round "2"]
[White "Kordt, Franz"]
[Black "Jonitz, Stefanie"]
[Result "1/2-1/2"]
[WhiteElo "1388"]
[BlackElo "1295"]
[PlyCount "68"]
[EventDate "2005.03.18"]
[EventType "swiss"]
[EventRounds "9"]
[EventCountry "GER"]
[SourceTitle "EXT 2012"]
[Source "ChessBase"]
[SourceDate "2011.11.24"]
[SourceVersion "1"]
[SourceVersionDate "2011.11.24"]
[SourceQuality "1"]

1. e4 e5 2. c4 Bc5 3. Nf3 Nc6 4. a3 a5 5. Be2 Nf6 6. d3 h6 7. 0-0 d6 8. Nc3 Be6 9. Bd2 Nd4 10. Nd5 Nxf3+ 11. Bxf3 Bxd5 12. exd5 0-0 13. Be2 Qe8 14. Bc3 Bb6 15. Kh1 c6 16. Qb3 Ra6 17. dxc6 Qxc6 18. f4 Nd7 19. fxe5 Nxe5 20. d4 Nd7 21. c5 dxc5 22. Bxa6 bxa6 23. dxc5 Nxc5 24. Qc4 Qc7 25. b4 Ne6 26. Qxc7 Bxc7 27. bxa5 Rb8 28. Bb4 Nd4 29. Rac1 Rb7 30. Rc4 Nb3 31. Rc6 Ra7 32. Rf5 Nd4 33. Rxc7 Rxc7 34. Rf1 Rb7 1/2-1/2